Mathematical logic /
Guardado en:
| Autor Principal: | |
|---|---|
| Formato: | Libro |
| Idioma: | English |
| Publicado: |
New York :
Wiley,
c1967.
|
| Etiquetas: |
Agregar Etiqueta
Sin Etiquetas, Sea el primero en etiquetar este registro!
|
| LEADER | 00599nam a22001935a 4500 | ||
|---|---|---|---|
| 001 | MAT.inmabb002205 | ||
| 008 | 731212s1967####nyu######b####001#0#eng#d | ||
| 005 | 20130312142525.0 | ||
| 245 | 1 | 0 | |a Mathematical logic / |c Stephen Cole Kleene. |
| 260 | |a New York : |b Wiley, |c c1967. | ||
| 300 | |a xiii, 398 p. ; |c 24 cm. | ||
| 504 | |a Bibliografía: p. 371-386. | ||
| 510 | 4 | |a MR, |c 36 #25 | |
| 020 | |a 0471490334 | ||
| 100 | 1 | |a Kleene, Stephen Cole, |d 1909-1994. | |
| 084 | |a 03-01 (03Bxx) |2 msc2000 | ||
| 010 | |a 66026747 | ||
| 859 | |h 03 |i K63 |p A-3873 |b BIB. MATEMATICA | ||
| 859 | |h 03 |i K63 |p A-6613 |t Ej. 2 |b BIB. MATEMATICA | ||
